MARC

LEADER 00000nam0a2200000 4500
001 270345
005 20231101234334.0
010 |b 50 экз. 
035 |a (RuTPU)RU\TPU\book\293526 
090 |a 270345 
100 |a 20140926d1921 k y0rusy50 ca 
101 0 |a rus 
102 |a RU 
105 |a y z 000zy 
200 1 |a Метод действия городов при составлении проектов водоснабжения  |f Я. И. Николин 
210 |a Томск  |c Издание Томского Губ. Отделения Государствен. Издательства  |c Народная типография №3 (бывш. Губсоюза)  |d 1921 
215 |a 11 с. 
316 |5 63413507: ШкА/3195  |a На титульном листе дарственная надпись: "В библиотеку Томского Технолог. И-та от автора" 
606 1 |a Водоснабжение городское  |2 stltpush  |3 (RuTPU)RU\TPU\subj\3032  |9 31496 
610 1 |a труды учёных ТПУ 
610 1 |a дарственная надпись 
610 1 |a дары автора 
610 1 |a дары библиотеке 
610 1 |a коллекция ТПУ 
610 1 |a водопроводные сети 
610 1 |a Сибирь 
610 1 |a противопожарная безопасность 
675 |a 628.1  |v 3 
700 1 |a Николин  |b Я. И.  |c российский ученый  |c профессор ТТИ (1906-1922)  |f 1873-?  |g Яков Иванович  |2 stltpush  |3 (RuTPU)RU\TPU\pers\21844  |9 9183 
801 1 |a RU  |b 63413507  |c 20140926 
801 2 |a RU  |b 63413507  |c 20191129  |g RCR 
942 |c BK